U.S. Presidents Quiz - Statistics

General Stats
  • This quiz has been taken 3,716,227 times
    2,192,380 since last reset
  • The average score is 28 of 45
Answer Stats
Term President % Correct
2017–2021, 2025– Donald Trump
98%
2009–2017 Barack Obama
97%
2021–2025 Joe Biden
97%
1789–1797 George Washington
95%
1989–1993 George H.W. Bush
92%
2001–2009 George W. Bush
92%
1861–1865 Abraham Lincoln
90%
1961–1963 John F. Kennedy
88%
1993–2001 Bill Clinton
87%
1933–1945 Franklin D. Roosevelt
85%
1901–1909 Theodore Roosevelt
84%
1981–1989 Ronald Reagan
81%
1969–1974 Richard Nixon
78%
1797–1801 John Adams
74%
1825–1829 John Quincy Adams
74%
1801–1809 Thomas Jefferson
73%
1963–1969 Lyndon B. Johnson
70%
1953–1961 Dwight D. Eisenhower
68%
1977–1981 Jimmy Carter
68%
1865–1869 Andrew Johnson
67%
1945–1953 Harry Truman
65%
1974–1977 Gerald R. Ford
63%
1829–1837 Andrew Jackson
60%
1929–1933 Herbert Hoover
59%
1913–1921 Woodrow Wilson
57%
1809–1817 James Madison
54%
1869–1877 Ulysses S. Grant
54%
1817–1825 James Monroe
51%
1909–1913 William Taft
51%
1889–1893 Benjamin Harrison
46%
1923–1929 Calvin Coolidge
46%
1885–1889, 1893–1897 Grover Cleveland
46%
1841 William Henry Harrison
46%
1881 James Garfield
44%
1845–1849 James K. Polk
44%
1837–1841 Martin Van Buren
41%
1897–1901 William McKinley
41%
1857–1861 James Buchanan
40%
1841–1845 John Tyler
40%
1849–1850 Zachary Taylor
40%
1921–1923 Warren Harding
36%
1853–1857 Franklin Pierce
35%
1850–1853 Millard Fillmore
35%
1877–1881 Rutherford B. Hayes
35%
1881–1885 Chester A. Arthur
34%
No matching quizzes found
Score Distribution
Percent of People with Each Score
Percentile by Number Answered
Your Score History
You have not taken this quiz since the last reset